Statistiques concernant Equipes Euroleague 22/23

Cliquez ici pour prendre le quiz!

Statistiques générales

  • Ce quiz a été pris 154 fois
  • Le résultat moyen est 10 sur 18

Statistiques - réponses

HintRéponse% Correct
2Barcelone
91%
3Real Madrid
91%
18ASVEL Lyon-Villeubanne
90%
4Monaco
90%
1Olympiakos
68%
16Alba Berlin
61%
6Partizan Belgrade
61%
15Bayern Munich
58%
12Milan
57%
13Valence
53%
17Panathinaikos
51%
9Baskonia
48%
5Maccabi Tel-Aviv
45%
11Anadolu Efes Istanbul
43%
7Zalgiris Kaunas
42%
10Etoile Rouge de Belgrade
35%
14Virtus Bologne
33%
8Fenerbahce Istanbul
13%

Distribution des résultats

Percentile par nombre de réponses

% des personnes avec chaque résultat

Votre développement - résultats

Vous n’avez pas pris ce quiz